Presupuestos de ingresos y gastos de las instituciones descentralizadas y autónomas 1992 (Registro nro. 48808)
[ vista simple ]
| 000 -CABECERA | |
|---|---|
| campo de control de longitud fija | 01003nam a2200253 a 4500 |
| 001 - NÚMERO DE CONTROL | |
| campo de control | |
| 003 - IDENTIFICADOR DEL NÚMERO DE CONTROL | |
| campo de control | OSt |
| 005 - FECHA Y HORA DE LA ÚLTIMA TRANSACCIÓN | |
| campo de control | 20201002062733.0 |
| 008 - DATOS DE LONGITUD FIJA--INFORMACIÓN GENERAL | |
| campo de control de longitud fija | 100908s1992 dr a r 000 0 spa d |
| 040 ## - FUENTE DE LA CATALOGACIÓN | |
| Centro catalogador/agencia de origen | DO-SdBNP |
| Lengua de catalogación | spa |
| Centro/agencia transcriptor | BNPHU |
| 082 ## - NÚMERO DE LA CLASIFICACIÓN DECIMAL DEWEY | |
| Número de clasificación | 352.48 |
| Número de documento/Ítem | R426p,1992 |
| 110 2# - ENTRADA PRINCIPAL--NOMBRE DE ENTIDAD CORPORATIVA | |
| Nombre de entidad corporativa o nombre de jurisdicción como elemento de entrada | República Dominicana |
| Unidad subordinada | Secretariado Técnico de la Presidencia |
| -- | Oficina Nacional de Presupuesto |
| 9 (RLIN) | 32266 |
| 245 10 - MENCIÓN DE TÍTULO | |
| Título | Presupuestos de ingresos y gastos de las instituciones descentralizadas y autónomas 1992 |
| 260 ## - PUBLICACIÓN, DISTRIBUCIÓN, ETC. | |
| Lugar de publicación, distribución, etc. | Santo Domingo : |
| Nombre del editor, distribuidor, etc. | Secretariado Técnico de la Presidencia, |
| Fecha de publicación, distribución, etc. | 1992 |
| 300 ## - DESCRIPCIÓN FÍSICA | |
| Extensión | Varias paginaciones |
| Otras características físicas | |
| Dimensiones | 28 cm. |
| 500 ## - NOTA GENERAL | |
| Nota general | Publicación complementaria al presupuesto de ingresos y ley de gastos públicos del año 1992 |
| 590 ## - NOTA LOCAL (RLIN) | |
| Nota local | Inventariado, 2020/VM |
| 650 #4 - PUNTO DE ACCESO ADICIONAL DE MATERIA--TÉRMINO DE MATERIA | |
| Término de materia o nombre geográfico como elemento de entrada | Presupuesto |
| Subdivisión geográfica | República Dominicana |
| 9 (RLIN) | 7940 |
| 650 #4 - PUNTO DE ACCESO ADICIONAL DE MATERIA--TÉRMINO DE MATERIA | |
| Término de materia o nombre geográfico como elemento de entrada | Hacienda pública |
| Subdivisión geográfica | República Dominicana |
| 9 (RLIN) | 6562 |
| 651 #4 - PUNTO DE ACCESO ADICIONAL DE MATERIA--NOMBRE GEOGRÁFICO | |
| Nombre geográfico | República Dominicana |
| Subdivisión general | Presupuestados Públicos |
| Subdivisión cronológica | 1988 |
| 9 (RLIN) | 44800 |
| 910 ## - DATOS DE OPCIÓN DEL USUARIO (OCLC) | |
| Datos de opción del usuario | |
| 942 ## - ELEMENTOS DE PUNTO DE ACCESO ADICIONAL (KOHA) | |
| Fuente del sistema de clasificación o colocación | Dewey Decimal Classification |
| Tipo de ítem Koha | Libros y folletos |
| 956 ## - LOCALIZACIÓN Y ACCESO ELECTRÓNICOS LOCAL (OCLC) | |
| Nombre del host | VMateo |
| Estado de retiro | Estado de pérdida | Fuente del sistema de clasificación o colocación | No para préstamo | Código de colección | Localización permanente | Ubicación/localización actual | Fecha de adquisición | Total de préstamos | Signatura topográfica completa | Código de barras | Fecha visto por última vez | Precio válido a partir de | Tipo de ítem Koha |
|---|---|---|---|---|---|---|---|---|---|---|---|---|---|
| Dewey Decimal Classification | Excluido de préstamo | Monografías: Libros y Folletos | Biblioteca Nacional Pedro Henríquez Ureña | Patrimonio Dominicano | 16.09.2020 | 352.48 R426p,1992 | 2020-0055 | 16.09.2020 | 16.09.2020 | Libros y folletos |
